| 000 -LEADER |
| fixed length control field |
00787nam a22002177a 4500 |
| 005 - DATE AND TIME OF LATEST TRANSACTION |
| control field |
20240130161438.0 |
| 008 - FIXED-LENGTH DATA ELEMENTS--GENERAL INFORMATION |
| fixed length control field |
240130s2011gw xxu||||| |||| 00| 0 ger d |
| 020 ## - INTERNATIONAL STANDARD BOOK NUMBER |
| International Standard Book Number |
9783823366270 x |
| 041 ## - LANGUAGE CODE |
| Language code of text/sound track or separate title |
ger |
| 080 ## - UNIVERSAL DECIMAL CLASSIFICATION NUMBER |
| Universal Decimal Classification number |
81+811.112 M-50 |
| 100 ## - MAIN ENTRY--PERSONAL NAME |
| Personal name |
Meindl,Claudia (Author) |
| 9 (RLIN) |
21158 |
| 245 ## - TITLE STATEMENT |
| Title |
Methodik für Linguisten: Eine Einführung in Statistik und Versuchsplanung / |
| Statement of responsibility, etc. |
Claudia Meindl |
| 264 ## - PRODUCTION, PUBLICATION, DISTRIBUTION, MANUFACTURE, AND COPYRIGHT NOTICE |
| Place of production, publication, distribution, manufacture |
Tübingen: |
| Name of producer, publisher, distributor, manufacturer |
Narr Verlag, |
| Date of production, publication, distribution, manufacture, or copyright notice |
2011. |
| 300 ## - PHYSICAL DESCRIPTION |
| Extent |
302 pages; |
| Other physical details |
24 cm. |
| 653 ## - INDEX TERM--UNCONTROLLED |
| keyword |
LANGUAGE ARTS & DISCIPLINES Linguistics Historical & Comparative |
| 653 ## - INDEX TERM--UNCONTROLLED |
| keyword |
Linguistics Statistical methods |
| 653 ## - INDEX TERM--UNCONTROLLED |
| keyword |
Linguistique Méthodes statistiques |
| 653 ## - INDEX TERM--UNCONTROLLED |
| keyword |
ლინგვისტიკა |
| 653 ## - INDEX TERM--UNCONTROLLED |
| keyword |
გერმანული ენა |
| 942 ## - ADDED ENTRY ELEMENTS (KOHA) |
| Source of classification or shelving scheme |
|
| Koha item type |
წიგნი |